Alpha (Record no. 222465)
[ view plain ]
| 000 -LEADER | |
|---|---|
| fixed length control field | 01576nam a22002177a 4500 |
| 005 - DATE AND TIME OF LATEST TRANSACTION | |
| control field | 20220420083949.0 |
| 008 - FIXED-LENGTH DATA ELEMENTS--GENERAL INFORMATION | |
| fixed length control field | 220418b ||||| |||| 00| 0 eng d |
| 020 ## - INTERNATIONAL STANDARD BOOK NUMBER | |
| International Standard Book Number | 9789389109894 |
| 040 ## - CATALOGING SOURCE | |
| Transcribing agency | AL |
| 041 ## - LANGUAGE CODE | |
| Language code of text/sound track or separate title | eng |
| 082 ## - DEWEY DECIMAL CLASSIFICATION NUMBER | |
| Edition number | 23 |
| Classification number | 820.33 |
| Item number | RAMA |
| 100 ## - MAIN ENTRY--PERSONAL NAME | |
| Personal name | Ramakrishnan T D |
| 9 (RLIN) | 30274 |
| 245 ## - TITLE STATEMENT | |
| Title | Alpha |
| 260 ## - PUBLICATION, DISTRIBUTION, ETC. | |
| Place of publication, distribution, etc. | New Delhi |
| Name of publisher, distributor, etc. | Macmillan Publishing |
| Date of publication, distribution, etc. | 2022 |
| 300 ## - PHYSICAL DESCRIPTION | |
| Extent | 145p. |
| Other physical details | HB |
| Dimensions | 20.5x13.4cm. |
| 365 ## - TRADE PRICE | |
| Source of price type code | general |
| Price type code | 6320 |
| Price amount | ₹467.22 |
| Currency code | ₹ |
| Unit of pricing | ₹599.00 |
| Price note | 22% |
| Price effective from | 08-03-2022 |
| 520 ## - SUMMARY, ETC. | |
| Summary, etc. | ‘[T. D. Ramakrishnan] takes the Malayalam novel to new heights and fresh possibilities’ HINDUWhat makes us human?Twelve people accompany an anthropologist to a deserted island, cutting off all relations with the outside world. There, an experiment begins. They are not to use any known languages and must begin anew – to explore and find out if they can achieve in twenty-five years what humanity has achieved over generations. Twenty-five years later, only three of the thirteen have survived. As these three survivors recount their tale, what emerges is a story of humanity returned to its primitive roots, bereft of attachment, and not nearly as utopian as was expected.Award-winning writer T. D. Ramakrishnan’s debut novel, translated for the first time to English, explores through a powerfully imaginative conceit the meaning of relationships, attachments, love, hate and anger. Above all, it seeks to answer the question: what does it mean to be human? |
| 650 ## - SUBJECT ADDED ENTRY--TOPICAL TERM | |
| Source of heading or term | Literature |
| Topical term or geographic name entry element | English Literature |
| 9 (RLIN) | 30275 |
| 700 ## - ADDED ENTRY--PERSONAL NAME | |
| Personal name | Nair, Priya K; Tr. |
| 9 (RLIN) | 30276 |
| 942 ## - ADDED ENTRY ELEMENTS (KOHA) | |
| Source of classification or shelving scheme | Dewey Decimal Classification |
| Koha item type | Book |
| Withdrawn status | Lost status | Source of classification or shelving scheme | Damaged status | Not for loan | Collection code | Home library | Current library | Date acquired | Source of acquisition | Cost, normal purchase price | Total Checkouts | Full call number | Barcode | Date last seen | Date last checked out | Cost, replacement price | Price effective from | Koha item type |
|---|---|---|---|---|---|---|---|---|---|---|---|---|---|---|---|---|---|---|
| Dewey Decimal Classification | MA English | St Aloysius PG Library | St Aloysius PG Library | 03/11/2022 | Biblios Book Point | 467.22 | 2 | 820.33 RAMA | PG023847 | 02/15/2024 | 02/06/2024 | 599.00 | 03/08/2022 | Book |